000 00304 a2200133 4500
001 49875
082 _a536.2KR
090 _c32199
_d32199
100 _aKreith, Frank
245 _aPrinciples of Heat Transfer, 3/e
250 _a3
260 _aNewyord
_bHarper
_c1976
500 _aBE textbook aerospace
942 _aNUST-CAE
_k536.2KR
999 _c284948
_d284948